000 00564nam a2200229Ia 4500
003 OSt
005 20221005131558.0
006 a|||||r|||| 00| 0
007 ta
008 221004b |||||||| |||| 00| 0 kan d
024 _a45966
037 _cTextual
040 _aCRL
_cCRL
_bkan
041 _2kan
_akan
082 _aO33,6NDU,1, J8
100 _aGundappa
_9630048
245 0 _aSri ramchandra prabhu
260 _c1968
650 _aKANNAD LITERATURE
942 _hO33,6NDU,1, J8
_cTEXL
_2cc
999 _c1060776
_d1060776